Una crisis atlántica: España, América y los acontecimientos de 1808
Сохранить в:
| Главные авторы: | , , |
|---|---|
| Формат: | |
| Язык: | испанский |
| Опубликовано: |
Madrid, España
Universidad Complutense
2010
|
| Предметы: | |
| Метки: |
Добавить метку
Нет меток, Требуется 1-ая метка записи!
|
MARC
| LEADER | 00000cam a2200000 a 4500 | ||
|---|---|---|---|
| 001 | UCE6285 | ||
| 003 | CL-VaPUC | ||
| 005 | 20220720180034.0 | ||
| 008 | 150402e20100000sp |||||||||||||||||spa|d | ||
| 999 | |c 358645 |d 358643 | ||
| 020 | |a 9788496702387 | ||
| 040 | |c Pontificia Universidad Católica de Valparaíso | ||
| 082 | 0 | 4 | |a 980.02 NAV 2010 |2 21 |
| 100 | |a Navarro Azcue, Concepción |e autora |9 578944 | ||
| 245 | 1 | 4 | |a Una crisis atlántica: |b España, América y los acontecimientos de 1808 |
| 260 | |a Madrid, España |b Universidad Complutense |c 2010 | ||
| 300 | |a 526 páginas | ||
| 583 | |a last modification |c 20150402 11:08:00 |k Rodrigo Vera | ||
| 650 | 0 | |a Historia de América |9 266076 | |
| 650 | 0 | |a Independencia Americana |9 395691 | |
| 700 | 0 | |a Amadori, Arrigo |e author |9 578945 | |
| 700 | 0 | |a Luque Talaván, Miguel |e author |9 578946 | |
| 852 | |a BIBCUR | ||
| 942 | |c BK |2 ddc | ||
| 945 | |d 20150402 11:08:00 |a dcastane | ||
| 952 | |0 0 |1 0 |2 ddc |3 erb |4 0 |6 980_020000000000000_NAV_2010 |7 0 |8 A |9 467492 |a BIBHIS |b BIBHIS |i 5144574 |o 980.02 NAV 2010 |p 5144574 |r 2025-01-20 |t 1 |w 2019-11-23 |y BK |z Catalogado en:20150402 |k HIS | ||